<?xml version="1.0" encoding="UTF-8"?>
<collection xmlns="http://www.loc.gov/MARC21/slim">
  <record>
    <leader>00000nam  2200000   4500</leader>
    <controlfield tag="001">INLIS000000000020554</controlfield>
    <datafield tag="990" ind1="#" ind2="#">
      <subfield code="a">2507080</subfield>
    </datafield>
    <controlfield tag="005">20250721092819</controlfield>
    <datafield tag="035" ind1="#" ind2="#">
      <subfield code="a">0010-0725000084</subfield>
    </datafield>
    <controlfield tag="007">ta</controlfield>
    <controlfield tag="008">250721################|##########|#|##</controlfield>
    <datafield tag="084" ind1="#" ind2="#">
      <subfield code="a">R 114 PKN II 2023</subfield>
    </datafield>
    <datafield tag="100" ind1=" " ind2="#">
      <subfield code="a">Ahmadiarsyah</subfield>
    </datafield>
    <datafield tag="245" ind1="1" ind2="#">
      <subfield code="a">Strategi Pemantauan Harga BahanPokok Melalui Pelaporan Mandiri Pedagang Pasar (Siaga Pasar) /</subfield>
      <subfield code="c">Ahmadiarsyah</subfield>
    </datafield>
    <datafield tag="250" ind1="#" ind2="#">
      <subfield code="a">1</subfield>
    </datafield>
    <datafield tag="260" ind1="#" ind2="#">
      <subfield code="a">Jakarta :</subfield>
      <subfield code="b">Pusbangkom Pimnas,</subfield>
      <subfield code="c">2023</subfield>
    </datafield>
    <datafield tag="300" ind1="#" ind2="#">
      <subfield code="a">120 :</subfield>
      <subfield code="b">ilus ;</subfield>
      <subfield code="c">29 x 21 x 1,5</subfield>
    </datafield>
    <datafield tag="650" ind1="#" ind2="4">
      <subfield code="a">Monev</subfield>
    </datafield>
    <datafield tag="520" ind1="#" ind2="#">
      <subfield code="a">Pelaporan data harga dan stok/pasokan bahan pokok yang dilakukan&#13;
secara harian melalui Sistem Pemantauan Pasar Kebutuhan Pokok (SP2KP)&#13;
menjadi masalah tersendiri karena sistem pendataan harga bahan pokok di&#13;
Kabupaten Halmahera Tengah masih dilakukan secara manual oleh petugas&#13;
yang jumlahnya terbatas dan membutuhkan waktu yang relatif lebih lama.&#13;
Akibatnya, tingkat kepatuhan Kabupaten Halmahera Tengah termasuk&#13;
dalam daftar 22 Pemerintah Daerah yang menyampaikan laporan sebesar&#13;
30% sampai dangan 50% laporan dan juga termasuk dalam 80 Pemerintah&#13;
Daerah yang belum melakukan upaya konkrit dalam penanganan inflasi.&#13;
Berdasarkan permasalahan tersebut, maka proyek perubahan ini&#13;
menawarkan solusi yaitu Strategi Pemantauan Harga Bahan Pokok Melalui&#13;
Pelaporan Mandiri Pedagang Pasar sehingga proses pendataan harga bahan&#13;
pokok dapat dilakukan dengan efektif dan efisien guna memudahkan&#13;
Pemerintah Daerah dalam pengambilan kebijakan penanganan inflasi.&#13;
Sasaran jangka pendek dari proyek perubahan telah dilaksanakan&#13;
sesuai waktu dan output yang diharapkan. Begitu juga beberapa tahapan&#13;
kegiatan pada sasaran jangka menengah yang dapat diselesaikan lebih cepat&#13;
dari yang direncanakan. Di samping itu, terdapat beberapa tahapan kegiatan&#13;
pada sasaran jangka menengah dan sasaran jangka panjang yang diharapkan&#13;
akan terselesaikan sesuai timeline.</subfield>
    </datafield>
    <datafield tag="856" ind1="#" ind2="#">
      <subfield code="a">Perpustakaan Pusat LAN</subfield>
    </datafield>
  </record>
</collection>
